[Event "U.S. Amateur North"]
[Site "Detroit, MI"]
[Date "1997.05.25"]
[Round "5.10"]
[White "Williams, Ron"]
[Black "Kane, Paul"]
[Result "1-0"]
[WhiteElo "1918"]
[BlackElo "1629"]
[PlyCount "131"]
[EventDate "1997.05.24"]

1. e4 c5 2. Nf3 d6 3. g3 g6 4. Bg2 Bg7 5. c3 Nf6 6. d3 Nc6 7. O-O O-O 8. Nbd2
Qc7 9. Re1 Nd7 10. Nf1 b5 11. Ne3 e6 12. Ng5 h6 13. Nh3 Bb7 14. f4 a5 15. f5 b4
16. Bd2 Nce5 17. Qe2 exf5 18. exf5 Bxg2 19. Nxg2 Rae8 20. Qf1 Qc6 21. Kh1 Nf6
22. d4 Nf3 23. Rxe8 Rxe8 24. Rd1 Ng4 25. fxg6 fxg6 26. Qc4+ d5 27. Qxc5 Qxc5
28. dxc5 Nxd2 29. Rxd2 bxc3 30. bxc3 Bxc3 31. Rxd5 Rc8 32. Ngf4 Nf6 33. Rd3
Rxc5 34. Nxg6 Kf7 35. Nhf4 Ne4 36. Kg2 Bb4 37. a3 Bc3 38. h4 Nd2 39. Rd7+ Kf6
40. Rd6+ Kf5 41. Kh3 Nc4 42. Re6 Ne5 43. Nxe5 Bxe5 44. Rxh6 Rc3 45. Rh5+ Ke4
46. Kg4 Rxa3 47. Rh6 a4 48. Re6 Rb3 49. Ng6 Rb5 50. Nxe5 Kd5 51. Ra6 Kxe5 52.
Rxa4 Rb6 53. Kg5 Ke6 54. Rf4 Rb5+ 55. Kg4 Rb8 56. h5 Rg8+ 57. Kh4 Ke5 58. Rf1
Ke6 59. g4 Rd8 60. h6 Rd2 61. Kh5 Rd5+ 62. Kg6 Rd8 63. Re1+ Kd7 64. Rd1+ Ke7
65. Rxd8 Kxd8 66. h7 1-0

[Event "U.S. Amateur North"]
[Site "Detroit, MI"]
[Date "1997.05.25"]
[Round "4.43"]
[White "Wallace, Kyle"]
[Black "Spindleman, Brian"]
[Result "0-1"]
[WhiteElo "696"]
[BlackElo "851"]
[PlyCount "38"]
[EventDate "1997.05.24"]

1. e4 c5 2. Bc4 Nc6 3. Nf3 e6 4. O-O Be7 5. Nc3 Qc7 6. Nb5 Qb6 7. d3 a6 8. Nc3
d6 9. Qd2 Bd7 10. Ng5 Nf6 11. Ne2 h6 12. Nf3 O-O 13. h4 Qc7 14. d4 cxd4 15.
Nfxd4 Nxe4 16. Qe3 Nf6 17. c3 d5 18. Bb3 Ng4 19. Qd3 Qh2# 0-1

[Event "U.S. Amateur North"]
[Site "Detroit, MI"]
[Date "1997.05.25"]
[Round "5.2"]
[White "Townsend, Paul"]
[Black "Wisckol, Richard"]
[Result "1/2-1/2"]
[WhiteElo "1923"]
[BlackElo "1882"]
[PlyCount "37"]
[EventDate "1997.05.24"]

1. e3 Nf6 2. c4 g6 3. Nc3 Bg7 4. b3 O-O 5. Bb2 e5 6. Bd3 Re8 7. Nge2 c6 8. c5
Qa5 9. Na4 Qd8 10. O-O d5 11. cxd6 Qxd6 12. Bc2 Na6 13. d4 exd4 14. Qxd4 Qxd4
15. Nxd4 Nb4 16. Bc3 Nfd5 17. Bd1 Nxc3 18. Nxc3 Bd7 19. a3 1/2-1/2

[Event "U.S. Amateur North"]
[Site "Detroit, MI"]
[Date "1997.05.25"]
[Round "4.2"]
[White "Townsend, Paul"]
[Black "Dangremond, Leonard"]
[Result "1-0"]
[WhiteElo "1923"]
[BlackElo "1989"]
[PlyCount "91"]
[EventDate "1997.05.24"]

1. e3 c5 2. c4 Nc6 3. Nc3 Nf6 4. b3 g6 5. Bb2 Bg7 6. Nf3 O-O 7. Be2 d6 8. O-O
e6 9. d4 b6 10. dxc5 dxc5 11. Qxd8 Rxd8 12. Rad1 Bb7 13. Nb5 Ne8 14. Bxg7 Kxg7
15. Rd2 Rxd2 16. Nxd2 Ne7 17. Rd1 a6 18. Nc3 Rd8 19. Nf3 Rxd1+ 20. Bxd1 f6 21.
Nd2 Nd6 22. Na4 Nec8 23. Bf3 Bxf3 24. gxf3 Nf5 25. Kf1 Kf7 26. Ke2 Ke7 27. Ne4
Nfd6 28. Nxd6 Kxd6 29. Nc3 f5 30. f4 Ne7 31. Na4 b5 32. cxb5 axb5 33. Nc3 Kc6
34. a4 b4 35. Nb1 Nd5 36. Kd3 Nf6 37. Nd2 Ng4 38. f3 Nxh2 39. Ke2 h6 40. Kf2 h5
41. Kg2 Ng4 42. fxg4 fxg4 43. Nc4 h4 44. Ne5+ Kb6 45. Nxg4 c4 46. Ne5 1-0

[Event "U.S. Amateur North"]
[Site "Detroit, MI"]
[Date "1997.05.25"]
[Round "4.44"]
[White "Thompson, Shereece"]
[Black "Yeager, John"]
[Result "1/2-1/2"]
[WhiteElo "693"]
[BlackElo "494"]
[PlyCount "69"]
[EventDate "1997.05.24"]

1. e4 e6 2. Nc3 Nf6 3. Bc4 d5 4. Bd3 Be7 5. Nf3 c5 6. O-O O-O 7. e5 Nfd7 8. Be2
Nc6 9. d4 c4 10. b3 cxb3 11. cxb3 a6 12. Qd3 Nb4 13. Qe3 Nc2 14. Qd2 Nxa1 15.
Qb2 Nxb3 16. axb3 f6 17. exf6 Bxf6 18. Qc2 e5 19. dxe5 Nxe5 20. Ne1 d4 21. Ne4
Bf5 22. Bf4 Rc8 23. Qb1 Bxe4 24. Qxe4 d3 25. Nxd3 Qe8 26. Nxe5 Bxe5 27. Bxe5
Qg6 28. Qd5+ Qf7 29. Qe4 Qg6 30. Qxb7 Qf7 31. Qb4 Rce8 32. Qc4 Qxc4 33. Bxc4+
Kh8 34. b4 Rxe5 35. Bxa6 1/2-1/2

[Event "U.S. Amateur North"]
[Site "Detroit, MI"]
[Date "1997.05.25"]
[Round "5.4"]
[White "Steen, Harold"]
[Black "Roe, Philip"]
[Result "0-1"]
[WhiteElo "1783"]
[BlackElo "2093"]
[PlyCount "96"]
[EventDate "1997.05.24"]

1. c4 g6 2. g3 Bg7 3. Bg2 Nc6 4. e4 d6 5. Ne2 e5 6. Nbc3 f5 7. exf5 Bxf5 8. a3
Bd3 9. O-O Nge7 10. b3 O-O 11. Bb2 Nf5 12. Re1 Nfd4 13. Bxc6 Nxc6 14. Nd5 Qd7
15. f4 exf4 16. Bxg7 Kxg7 17. Nexf4 Bf5 18. d4 Rae8 19. Qd2 Bg4 20. b4 Nd8 21.
Rxe8 Rxe8 22. Re1 c6 23. Rxe8 Qxe8 24. Ne3 Bd7 25. d5 Qe5 26. Kf2 Nf7 27. dxc6
bxc6 28. Nc2 g5 29. Ng2 Qf6+ 30. Kg1 Ne5 31. Nge1 Nxc4 32. Qf2 Qxf2+ 33. Kxf2
Kf6 34. Kf3 h5 35. h4 Bg4+ 36. Kf2 gxh4 37. gxh4 Ke5 38. a4 Bd1 39. a5 Ke4 40.
a6 d5 41. b5 cxb5 42. Nb4 Ne5 43. Ng2 Nd3+ 44. Nxd3 Kxd3 45. Ne3 Bb3 46. Nf5 b4
47. Nd6 Bc4 48. Ke1 b3 0-1

[Event "U.S. Amateur North"]
[Site "Detroit, MI"]
[Date "1997.05.25"]
[Round "5.39"]
[White "Spindleman, Brian"]
[Black "Thompson, Shereece"]
[Result "1-0"]
[WhiteElo "851"]
[BlackElo "693"]
[PlyCount "85"]
[EventDate "1997.05.24"]

1. e4 e5 2. Nf3 Nc6 3. Bb5 Nf6 4. Qe2 Bc5 5. O-O O-O 6. c4 a6 7. Ba4 d6 8. h3
Be6 9. Rd1 Re8 10. Nc3 h6 11. Bxc6 bxc6 12. d4 exd4 13. Nxd4 Bxd4 14. Rxd4 c5
15. Rd1 Rb8 16. e5 Nh7 17. Bf4 Kf8 18. b3 Qe7 19. exd6 cxd6 20. Bxd6 Ng5 21.
Bxe7+ Rxe7 22. Rd2 Rbe8 23. Qd3 Rd7 24. Qc2 Rde7 25. h4 Nh3+ 26. gxh3 Bxh3 27.
Kh2 Be6 28. Qh7 f6 29. Qc2 a5 30. Re1 Rb8 31. Red1 Rbe8 32. Nb5 Bg4 33. Nd6 Rd8
34. Qh7 Rxd6 35. Rxd6 Bxd1 36. Rxd1 Kf7 37. Qd3 Re6 38. Qd5 Ke7 39. Qxc5+ Kf7
40. h5 Kg8 41. Rd8+ Kf7 42. Qf5 g6 43. Qxg6+ 1-0

[Event "U.S. Amateur North"]
[Site "Detroit, MI"]
[Date "1997.05.25"]
[Round "5.33"]
[White "Spencer, Tyrone"]
[Black "Lueer, Michael"]
[Result "0-1"]
[WhiteElo "809"]
[BlackElo "1045"]
[PlyCount "76"]
[EventDate "1997.05.24"]

1. e4 Nf6 2. Nc3 d5 3. d3 e5 4. Nf3 dxe4 5. Nxe5 Bb4 6. a3 Bxc3+ 7. bxc3 Nc6 8.
Nxc6 bxc6 9. Be2 O-O 10. dxe4 Qxd1+ 11. Bxd1 Nxe4 12. Bb2 Re8 13. O-O Nd2 14.
Bf3 Nxf1 15. Bxc6 Ba6 16. Bxa8 Rxa8 17. Rxf1 Bxf1 18. Kxf1 Rb8 19. Ba1 Rb1+ 20.
Ke2 Rxa1 21. f4 Rxa3 22. Kd3 Ra4 23. g3 Kf8 24. c4 Ra1 25. c5 Rh1 26. h4 Rg1
27. Kc4 Rxg3 28. Kb5 Ke8 29. Kc6 Kd8 30. Kb7 a5 31. c6 a4 32. c3 a3 33. f5 a2
34. f6 gxf6 35. h5 a1=Q 36. h6 Qb1+ 37. Ka8 Rxc3 38. Ka7 Ra3# 0-1

[Event "U.S. Amateur North"]
[Site "Detroit, MI"]
[Date "1997.05.25"]
[Round "4.13"]
[White "Sparks, Frazier"]
[Black "Nixon, Peter"]
[Result "1-0"]
[WhiteElo "1861"]
[BlackElo "1477"]
[PlyCount "73"]
[EventDate "1997.05.24"]

1. e4 c5 2. c3 Nc6 3. Nf3 d6 4. d4 cxd4 5. cxd4 Bg4 6. Be2 Nf6 7. Nc3 e6 8. Qa4
a6 9. O-O Be7 10. d5 b5 11. Qd1 exd5 12. exd5 Bxf3 13. Bxf3 Ne5 14. Be2 O-O 15.
f4 Ned7 16. Bf3 Qb6+ 17. Kh1 Rfe8 18. g4 Nc5 19. g5 Nfd7 20. Bg4 b4 21. Ne2 Qc7
22. Qd4 a5 23. Bd2 Qb7 24. Ng3 Bd8 25. Nf5 Bf6 26. gxf6 Re4 27. Qg1 Qc7 28. Bf3
g6 29. Qg5 Qd8 30. Nh6+ Kf8 31. Bxe4 Nxe4 32. Qg2 Ndxf6 33. Rae1 Qe7 34. f5 Re8
35. fxg6 hxg6 36. Bg5 Kg7 37. Bxf6+ 1-0

[Event "U.S. Amateur North"]
[Site "Detroit, MI"]
[Date "1997.05.25"]
[Round "4.39"]
[White "Smalec, Joseph"]
[Black "Jaynes, Anthony"]
[Result "1-0"]
[WhiteElo "1121"]
[BlackElo "714"]
[PlyCount "57"]
[EventDate "1997.05.24"]

1. d4 e6 2. c4 c5 3. e3 cxd4 4. exd4 a6 5. Nc3 Nc6 6. Nf3 Bb4 7. Bd3 Qa5 8. Bd2
Bxc3 9. Bxc3 Qc7 10. O-O d5 11. b3 Nge7 12. Re1 O-O 13. a3 Ng6 14. Bd2 e5 15.
Bxg6 hxg6 16. dxe5 Bg4 17. cxd5 Nxe5 18. Bf4 Bxf3 19. Bxe5 Qxe5 20. Qxf3 Qd6
21. b4 Rac8 22. Rac1 Rc7 23. Rxc7 Qxc7 24. Qe4 f5 25. Qe6+ Kh7 26. d6 Qc2 27.
d7 Qd2 28. Re3 f4 29. Rh3# 1-0

[Event "U.S. Amateur North"]
[Site "Detroit, MI"]
[Date "1997.05.25"]
[Round "5.24"]
[White "Shukla, Ravi"]
[Black "King, Kenny"]
[Result "1/2-1/2"]
[WhiteElo "945"]
[BlackElo "1476"]
[PlyCount "84"]
[EventDate "1997.05.24"]

1. e4 e6 2. Nf3 d5 3. Qe2 Be7 4. d4 Nf6 5. Nc3 c5 6. Qb5+ Bd7 7. Qxb7 Nc6 8.
dxc5 Rb8 9. Qa6 d4 10. Na4 Nb4 11. Qc4 Bxa4 12. b3 Bc6 13. Bf4 Rb7 14. a3 Nxc2+
15. Qxc2 Bxe4 16. Qc4 Bd5 17. Qa4+ Qd7 18. Qxd7+ Nxd7 19. b4 Bf6 20. Rc1 e5 21.
Bg3 Rc7 22. Bb5 Bc6 23. Nxd4 Bxg2 24. Bxd7+ Rxd7 25. Rg1 Rxd4 26. Rxg2 Ke7 27.
f3 Rd3 28. f4 Rxa3 29. fxe5 Bg5 30. Rc4 Rd8 31. c6 Ra1+ 32. Kf2 Ra2+ 33. Kf3
Rxg2 34. Kxg2 a6 35. Rc5 Rc8 36. Kf3 Bd2 37. Rc4 Ke6 38. Ke4 Bg5 39. h4 Bd8 40.
Kd4 Bb6+ 41. Ke4 Ba7 42. Bf4 h5 1/2-1/2

[Event "U.S. Amateur North"]
[Site "Detroit, MI"]
[Date "1997.05.25"]
[Round "4.9"]
[White "Shockley, Robert"]
[Black "Roe, Philip"]
[Result "0-1"]
[WhiteElo "1619"]
[BlackElo "2093"]
[PlyCount "82"]
[EventDate "1997.05.24"]

1. Nf3 d6 2. e4 c5 3. d4 cxd4 4. Nxd4 Nf6 5. Nc3 g6 6. Be3 Bg7 7. f3 Nc6 8. Bc4
O-O 9. O-O Qb6 10. Qd2 Ng4 11. Na4 Nxe3 12. Nxb6 Bxd4 13. Kh1 Bxb6 14. Bb3 Nxf1
15. Rxf1 Bd7 16. Qh6 Bd4 17. c3 Bg7 18. Qh4 Bf6 19. Qg3 Na5 20. Bd1 Nc4 21. Qf2
b5 22. a3 Bc6 23. Bb3 Rfc8 24. Rd1 Nb6 25. h4 Nd7 26. Bd5 Bxd5 27. Rxd5 Rc5 28.
Rd2 Ne5 29. Rd1 Nc4 30. g3 Rac8 31. Kg2 a5 32. Kh3 a4 33. Rg1 d5 34. exd5 Rxd5
35. Rg2 Rcd8 36. Qa7 R8d7 37. Qb8+ Kg7 38. g4 Be5 39. Qe8 Bf4 40. Rc2 Ne3 41.
Re2 Rd2 0-1

[Event "U.S. Amateur North"]
[Site "Detroit, MI"]
[Date "1997.05.25"]
[Round "5.15"]
[White "Scioly, Tony"]
[Black "Jointer, William"]
[Result "0-1"]
[WhiteElo "1550"]
[BlackElo "1651"]
[PlyCount "128"]
[EventDate "1997.05.24"]

1. e4 d6 2. d4 g6 3. Ne2 Bg7 4. Nbc3 Nf6 5. f3 O-O 6. Be3 c6 7. Qd2 b5 8. Nf4
a5 9. h4 b4 10. Nce2 Nbd7 11. Nh3 Nb6 12. Nef4 Ba6 13. Bd3 e5 14. dxe5 dxe5 15.
Ne2 Nc4 16. Bxc4 Bxc4 17. O-O-O Qxd2+ 18. Rxd2 a4 19. b3 axb3 20. cxb3 Bxb3 21.
Kb1 Bc4 22. Rc1 Bb5 23. Bc5 Rfd8 24. Rcd1 Rxd2 25. Rxd2 Bf8 26. Bxf8 Kxf8 27.
Nc1 Ke7 28. Nf2 Ne8 29. Nb3 Nd6 30. Nc5 Rd8 31. Ng4 Nc4 32. Rxd8 Kxd8 33. Kc2
h5 34. Kb3 hxg4 35. fxg4 Ne3 36. h5 Nxg4 37. hxg6 fxg6 38. Kxb4 Ke7 39. a4 Bf1
40. a5 Ne3 41. g3 Nc2+ 42. Kc3 Nd4 43. Kb4 Kf6 44. a6 Bxa6 45. Nxa6 Kg5 46. Nc5
Kg4 47. Nd3 Nf3 48. Kc5 Kxg3 49. Kd6 g5 50. Nxe5 Nxe5 51. Kxe5 Kf3 52. Kf5 g4
53. e5 g3 54. e6 g2 55. e7 g1=Q 56. e8=Q Qg4+ 57. Kf6 Qf4+ 58. Kg7 Qd4+ 59. Kf7
c5 60. Qc6+ Ke3 61. Qe6+ Kd3 62. Qb3+ Ke4 63. Qc2+ Kd5 64. Qf5+ Kc4 0-1

[Event "U.S. Amateur North"]
[Site "Detroit, MI"]
[Date "1997.05.25"]
[Round "5.14"]
[White "Schell, Ken"]
[Black "King, Billy"]
[Result "1/2-1/2"]
[WhiteElo "1697"]
[BlackElo "1325"]
[PlyCount "70"]
[EventDate "1997.05.24"]

1. e4 c5 2. Nf3 d6 3. d4 cxd4 4. Nxd4 Nf6 5. Nc3 g6 6. g3 Bg7 7. Bg2 Nc6 8. h3
Bd7 9. Nde2 a6 10. O-O Rc8 11. Be3 O-O 12. Nd5 Nxd5 13. exd5 Na5 14. Bd4 Bf5
15. Bxg7 Kxg7 16. Nd4 Bd7 17. Re1 Re8 18. b3 b5 19. Qd2 Qb6 20. Qe3 Qc5 21.
Rac1 e6 22. dxe6 fxe6 23. Red1 e5 24. Ne2 Qxe3 25. fxe3 Re6 26. Bd5 Rf6 27. Kg2
Nc6 28. c4 Rcf8 29. Rf1 Rxf1 30. Rxf1 Rxf1 31. Kxf1 Bxh3+ 32. Kf2 Bd7 33. Nc3
Nb4 34. cxb5 axb5 35. Be4 Na6 1/2-1/2

[Event "U.S. Amateur North"]
[Site "Detroit, MI"]
[Date "1997.05.25"]
[Round "4.17"]
[White "Sattler, Peter"]
[Black "Reid, Ricky"]
[Result "1-0"]
[WhiteElo "1625"]
[BlackElo "1581"]
[PlyCount "111"]
[EventDate "1997.05.24"]

1. e4 e5 2. Nf3 d6 3. d4 exd4 4. Nxd4 Nf6 5. Nc3 Be7 6. Be2 O-O 7. O-O Nbd7 8.
Nf5 Ne5 9. Nxe7+ Qxe7 10. Bg5 c6 11. h3 h6 12. Bh4 Be6 13. f4 Nc4 14. Qc1 Nb6
15. e5 dxe5 16. fxe5 Qc5+ 17. Kh1 Nfd7 18. Bg3 Rfe8 19. Ne4 Qe7 20. b3 Rab8 21.
c4 Nc8 22. Nd6 Rf8 23. Bf3 Qg5 24. Qxg5 hxg5 25. Rae1 Ne7 26. Ne4 Nf5 27. Bh2
Nh4 28. Nxg5 Nxf3 29. gxf3 Bf5 30. e6 fxe6 31. Bxb8 Rxb8 32. Nxe6 Bxh3 33. Rg1
Bxe6 34. Rxe6 Kf7 35. Rge1 Nf6 36. Re7+ Kg6 37. Kg1 b5 38. cxb5 Rxb5 39. Rxa7
Rg5+ 40. Kf2 Kf5 41. Rg1 Rh5 42. Raxg7 Nd5 43. Ra7 Nf4 44. Ra5+ Nd5 45. Rc1 Rh6
46. Rac5 Kf4 47. R1c4+ Ke5 48. b4 Rd6 49. b5 cxb5 50. Rxb5 Ke6 51. a4 Kd7 52.
a5 Ke6 53. Rd4 Ke5 54. Rdxd5+ Rxd5 55. Rxd5+ Kxd5 56. Ke3 1-0

[Event "U.S. Amateur North"]
[Site "Detroit, MI"]
[Date "1997.05.25"]
[Round "4.31"]
[White "Rucker, Ed"]
[Black "Spencer, Tyrone"]
[Result "1-0"]
[WhiteElo "1214"]
[BlackElo "809"]
[PlyCount "29"]
[EventDate "1997.05.24"]

1. d4 Nf6 2. Nf3 e6 3. Bg5 d5 4. e3 Nc6 5. Bd3 h6 6. Bh4 Be7 7. O-O O-O 8. Nc3
Bb4 9. Ne5 Qe8 10. Bxf6 Bxc3 11. Qg4 g6 12. Qh4 h5 13. Qg5 Kh7 14. Qxh5+ Kg8
15. Qh8# 1-0

[Event "U.S. Amateur North"]
[Site "Detroit, MI"]
[Date "1997.05.25"]
[Round "5.17"]
[White "Rotberg, Victor"]
[Black "King, Edwin"]
[Result "0-1"]
[WhiteElo "1738"]
[BlackElo "1409"]
[PlyCount "90"]
[EventDate "1997.05.24"]

1. e4 d5 2. exd5 Nf6 3. d4 Nxd5 4. c4 Nb6 5. Nc3 Nc6 6. Be3 g6 7. h3 Bg7 8. Nf3
O-O 9. Be2 Re8 10. O-O e5 11. d5 Ne7 12. Rc1 Nf5 13. Bg5 f6 14. Bd2 c6 15. dxc6
bxc6 16. Qc2 Nd4 17. Qd1 Ba6 18. b3 Qe7 19. Bd3 Rad8 20. Nxd4 Rxd4 21. Be3 Rd7
22. Qc2 f5 23. f3 Red8 24. Rcd1 Qb4 25. Ne2 Qe7 26. Nc3 Qf7 27. Be2 h5 28. Rxd7
Rxd7 29. Rd1 Qe6 30. Rxd7 Qxd7 31. Bc5 Qe6 32. Qd2 Kh7 33. Qe3 Nc8 34. Bxa7 e4
35. Bd4 Bh6 36. f4 Qd6 37. Be5 Qxe5 38. fxe5 Bxe3+ 39. Kf1 Bd4 40. Na4 Nb6 41.
e6 Kg7 42. Ke1 Nxa4 43. bxa4 Kf6 44. c5 Bxe2 45. Kxe2 Bxc5 0-1

[Event "U.S. Amateur North"]
[Site "Detroit, MI"]
[Date "1997.05.25"]
[Round "5.19"]
[White "Robinson, David"]
[Black "Gentry, Bronson"]
[Result "1-0"]
[WhiteElo "1278"]
[BlackElo "1686"]
[PlyCount "79"]
[EventDate "1997.05.24"]

1. d4 c5 2. d5 d6 3. c4 f5 4. Nc3 Nf6 5. Qc2 g6 6. Nf3 Bg7 7. Rb1 O-O 8. b4 Ne4
9. Nxe4 fxe4 10. Ng5 Na6 11. a3 cxb4 12. axb4 Qb6 13. Be3 Bd4 14. Bxd4 Qxd4 15.
e3 Qe5 16. Nxe4 Rf5 17. Bd3 Rh5 18. h4 Bd7 19. Ng3 Rh6 20. Qb2 Qxb2 21. Rxb2
Nc7 22. Ne4 b5 23. Ng5 bxc4 24. Bxc4 Rb8 25. Kd2 a5 26. Kc3 a4 27. g3 Rh5 28.
f3 Rc8 29. Kd3 Bb5 30. Bxb5 Nxb5 31. Rc2 Ra8 32. Ra2 a3 33. Kc4 Nc7 34. e4 Kf8
35. f4 Ke8 36. g4 Rh6 37. Rh3 Kd7 38. Nf7 e5 39. Nxh6 exf4 40. Rhxa3 1-0

[Event "U.S. Amateur North"]
[Site "Detroit, MI"]
[Date "1997.05.25"]
[Round "5.21"]
[White "Reid, Ricky"]
[Black "Goerke, Jesse"]
[Result "1-0"]
[WhiteElo "1581"]
[BlackElo "1152"]
[PlyCount "93"]
[EventDate "1997.05.24"]

1. d4 d5 2. Nf3 Nc6 3. g3 Bf5 4. Bg2 Nf6 5. O-O g6 6. Nbd2 Bg7 7. Nh4 Be6 8. c3
Qd7 9. Re1 O-O 10. e4 Bh3 11. Bh1 Bg4 12. Qc2 Bh3 13. exd5 Nxd5 14. Ne4 Rfe8
15. Nc5 Qc8 16. Bxd5 e6 17. Bh1 e5 18. dxe5 Rxe5 19. Rxe5 Nxe5 20. Be3 Bf6 21.
Qe4 Ng4 22. Ng2 b6 23. Nb3 Qa6 24. Qxa8+ Kg7 25. Nf4 Nxe3 26. fxe3 Bg4 27. Qd5
g5 28. Qd3 Qxd3 29. Nxd3 Be2 30. Nb4 h5 31. Nd4 Bc4 32. Nf5+ Kg6 33. Be4 b5 34.
Nd6+ Kg7 35. Nxc4 bxc4 36. Rf1 c5 37. Nd5 Bxc3 38. Nxc3 h4 39. Bd5 hxg3 40.
Rxf7+ Kh8 41. e4 gxh2+ 42. Kxh2 g4 43. e5 g3+ 44. Kxg3 a5 45. e6 a4 46. e7 a3
47. e8=Q# 1-0

[Event "U.S. Amateur North"]
[Site "Detroit, MI"]
[Date "1997.05.25"]
[Round "5.8"]
[White "Poenisch, Volker"]
[Black "Solon, Nathan"]
[Result "1/2-1/2"]
[WhiteElo "1957"]
[BlackElo "1769"]
[PlyCount "66"]
[EventDate "1997.05.24"]

1. d4 Nf6 2. c4 c5 3. Nf3 cxd4 4. Nxd4 Nc6 5. Nc3 g6 6. e4 d6 7. Be2 Nxd4 8.
Qxd4 Bg7 9. Be3 O-O 10. Qd2 Be6 11. f3 Qa5 12. O-O Rfc8 13. Nd5 Qxd2 14. Bxd2
Nxd5 15. exd5 Bf5 16. g4 Bxb2 17. gxf5 Bxa1 18. Rxa1 b5 19. fxg6 hxg6 20. Rc1
bxc4 21. Rxc4 Rxc4 22. Bxc4 Rc8 23. Bb3 Kg7 24. Kf2 Kf6 25. Be3 Rc7 26. Bd4+
Kf5 27. Ke3 e5 28. dxe6 fxe6 29. f4 e5 30. fxe5 dxe5 31. Bb2 Rh7 32. Bc2+ Ke6
33. Bb3+ Kf5 1/2-1/2

[Event "U.S. Amateur North"]
[Site "Detroit, MI"]
[Date "1997.05.25"]
[Round "4.40"]
[White "Owens, Rickey"]
[Black "Maldonado, Diana"]
[Result "0-1"]
[WhiteElo "1122"]
[BlackElo "535"]
[PlyCount "40"]
[EventDate "1997.05.24"]

1. e4 e5 2. Nf3 Nc6 3. Bb5 Nf6 4. Bxc6 dxc6 5. Nxe5 Qe7 6. Nf3 Nxe4 7. O-O Qc5
8. d3 Ng5 9. Nxg5 f6 10. d4 Qd5 11. Nf3 Bd6 12. Nc3 Qh5 13. Re1+ Kd8 14. Be3
Bf5 15. Nd2 Bg4 16. f3 Bf5 17. Nc4 Qxh2+ 18. Kf2 Bg3+ 19. Ke2 Qxg2+ 20. Bf2
Qxf2# 0-1

[Event "U.S. Amateur North"]
[Site "Detroit, MI"]
[Date "1997.05.25"]
[Round "4.23"]
[White "Morian, William"]
[Black "Davis, Terry"]
[Result "1-0"]
[WhiteElo "1603"]
[BlackElo "921"]
[PlyCount "87"]
[EventDate "1997.05.24"]

1. e4 c5 2. Nf3 d6 3. d4 cxd4 4. Qxd4 Nc6 5. Bb5 Bd7 6. Bxc6 bxc6 7. Nc3 Nf6 8.
O-O g6 9. Be3 Bg7 10. Rfe1 O-O 11. h3 Ng4 12. Qd2 Nxe3 13. Qxe3 Re8 14. b4 Rb8
15. Rab1 Qb6 16. a3 Qxe3 17. Rxe3 c5 18. e5 cxb4 19. axb4 Bf5 20. exd6 exd6 21.
Rbe1 Rxe3 22. Rxe3 Bxc2 23. Nd5 Ba4 24. Ra3 Bd1 25. Rxa7 Bxf3 26. gxf3 Rb5 27.
Ra5 Rb8 28. Ne7+ Kf8 29. Nc6 Rc8 30. b5 Bd4 31. Nxd4 Rb8 32. Ra7 Rb6 33. Ra6
Rb8 34. Rxd6 Ke7 35. Ra6 Kd7 36. b6 Kc8 37. Nc6 Rb7 38. Ra8+ Kd7 39. Ne5+ Ke6
40. Ra7 Rxb6 41. Nxf7 Kf6 42. Nh6 Rb5 43. Rxh7 Rg5+ 44. Ng4+ 1-0

[Event "U.S. Amateur North"]
[Site "Detroit, MI"]
[Date "1997.05.25"]
[Round "4.18"]
[White "Moore, Robert"]
[Black "Kane, Paul"]
[Result "0-1"]
[WhiteElo "1716"]
[BlackElo "1629"]
[PlyCount "74"]
[EventDate "1997.05.24"]

1. e4 c5 2. Nf3 d6 3. d4 cxd4 4. Nxd4 Nf6 5. Nc3 a6 6. Bg5 e6 7. f4 Be7 8. Qf3
Qc7 9. O-O-O Nc6 10. g4 Nxd4 11. Rxd4 e5 12. Rc4 Qd7 13. Bxf6 Bxf6 14. g5 b5
15. Rb4 Bd8 16. fxe5 Bxg5+ 17. Kb1 dxe5 18. Rxb5 Qd2 19. Bd3 axb5 20. Bxb5+ Kf8
21. Rd1 Qf4 22. Qd3 Bg4 23. Rf1 Qd2 24. Qc4 Be6 25. Qc6 Rd8 26. Qc5+ Qd6 27.
Qxd6+ Rxd6 28. Bd3 Ke7 29. a4 Ra8 30. b4 Bd2 31. Nb5 Rxd3 32. cxd3 Rxa4 33. Kc2
Bxb4 34. Nc7 Ra2+ 35. Kb1 Bc3 36. Rf3 Rxh2 37. Nb5 Rb2+ 0-1

[Event "U.S. Amateur North"]
[Site "Detroit, MI"]
[Date "1997.05.25"]
[Round "5.5"]
[White "Moody, David"]
[Black "Sparks, Frazier"]
[Result "1-0"]
[WhiteElo "2024"]
[BlackElo "1861"]
[PlyCount "67"]
[EventDate "1997.05.24"]

1. e4 c5 2. d4 cxd4 3. c3 dxc3 4. Nxc3 e6 5. Nf3 Bb4 6. Qd4 Nc6 7. Qxg7 Qf6 8.
Bh6 Be7 9. e5 Qxh6 10. Qxh8 Qg6 11. Bd3 Qxd3 12. Qxg8+ Bf8 13. Rd1 Qf5 14. O-O
Qg6 15. Qxg6 hxg6 16. Nb5 Ke7 17. Nbd4 Nb4 18. a3 Nd5 19. Nb5 Bg7 20. Rfe1 a6
21. Nd6 f6 22. exf6+ Nxf6 23. Ne5 Nd5 24. Rxd5 exd5 25. Nec4+ Kf6 26. Nb6 Rb8
27. Ndxc8 Kg5 28. Rd1 d4 29. Rd3 Be5 30. g3 Bc7 31. Rxd4 Bxb6 32. Nxb6 Re8 33.
Nxd7 Rd8 34. Nc5 1-0

[Event "U.S. Amateur North"]
[Site "Detroit, MI"]
[Date "1997.05.25"]
[Round "4.16"]
[White "McNeil, Yaking"]
[Black "Rotberg, Victor"]
[Result "1-0"]
[WhiteElo "1501"]
[BlackElo "1738"]
[PlyCount "46"]
[EventDate "1997.05.24"]

1. e3 e5 2. f4 exf4 3. e4 Nf6 4. Nf3 Be7 5. d4 d6 6. Bd3 O-O 7. O-O Nbd7 8.
Nbd2 Re8 9. Nc4 Nxe4 10. Bxe4 Nf6 11. Bd3 Bd7 12. Ng5 Bg4 13. Bxh7+ Kf8 14. Qd3
Bh5 15. Bf5 g6 16. Be6 Kg7 17. Bxf7 Qd7 18. Bxe8 Rxe8 19. Bd2 Bg4 20. Rae1 Bf5
21. Qb3 d5 22. Na5 Rb8 23. h3 Ne4 {Remainder illegible, 31?} 1-0

[Event "U.S. Amateur North"]
[Site "Detroit, MI"]
[Date "1997.05.25"]
[Round "5.20"]
[White "McCarter, Robert"]
[Black "Valdivia, Alex"]
[Result "1-0"]
[WhiteElo "1680"]
[BlackElo "1007"]
[PlyCount "120"]
[EventDate "1997.05.24"]

1. d4 d5 2. Nf3 c5 3. c3 Nc6 4. Bf4 Bf5 5. e3 e6 6. Nbd2 c4 7. Be2 Bd6 8. Bg3
Nf6 9. Ne5 Ne4 10. Nxe4 Bxe4 11. Bf3 Nxe5 12. dxe5 Bxf3 13. Qxf3 Bc5 14. O-O
O-O 15. Rad1 f5 16. exf6 Rxf6 17. Qe2 Qa5 18. Be5 Rf5 19. Bd4 Bd6 20. e4 Rf7
21. exd5 exd5 22. Qe6 Qc7 23. g3 a5 24. Rfe1 Qc6 25. Be5 Qb6 26. Re2 Bc5 27.
Qxb6 Bxb6 28. Rxd5 Re8 29. Red2 Rf5 30. Bf4 Re1+ 31. Kg2 Rxd5 32. Rxd5 Re2 33.
Rd2 Re6 34. Kf1 Bc5 35. Rd8+ Kf7 36. Rd7+ Re7 37. Rxe7+ Bxe7 38. a4 Ke6 39. Bc7
Kd5 40. Bxa5 b5 41. axb5 h5 42. Bc7 Kc5 43. b6 Kc6 44. Ke2 Bc5 45. h3 Be7 46.
Kd2 Bf6 47. Kc2 Be7 48. b3 cxb3+ 49. Kxb3 Bc5 50. f3 g6 51. Kc4 Bf2 52. g4 Be1
53. Kd3 Bf2 54. c4 Bxb6 55. Bxb6 Kxb6 56. Kd4 Kc6 57. c5 Kd7 58. Kd5 h4 59. c6+
Kc7 60. f4 Kd8 1-0

[Event "U.S. Amateur North"]
[Site "Detroit, MI"]
[Date "1997.05.25"]
[Round "5.6"]
[White "Marinelli, Philip"]
[Black "LaFata, Sam"]
[Result "0-1"]
[WhiteElo "1680"]
[BlackElo "2019"]
[PlyCount "68"]
[EventDate "1997.05.24"]

1. e4 e5 2. Nc3 Nf6 3. Bc4 Bc5 4. d3 d6 5. h3 Be6 6. Nge2 Nc6 7. O-O Qd7 8. Kh2
h5 9. Bxe6 fxe6 10. Kg1 d5 11. Na4 Bd6 12. exd5 exd5 13. c4 h4 14. f4 O-O-O 15.
c5 Be7 16. fxe5 Nxe5 17. b4 Nxd3 18. Qxd3 Qxa4 19. Bd2 Ne4 20. Nd4 Bf6 21. Rfb1
Nxc5 22. Qf5+ Qd7 23. Qxd7+ Nxd7 24. Bc3 Rhe8 25. Rc1 Kb8 26. a4 Re4 27. Rd1 c6
28. a5 a6 29. Rac1 Rde8 30. Kf2 Nf8 31. Rd3 Ne6 32. Nc2 Nf4 33. Rf3 Bxc3 34.
Rxc3 Ne2 0-1

[Event "U.S. Amateur North"]
[Site "Detroit, MI"]
[Date "1997.05.25"]
[Round "4.36"]
[White "Maldonado, Florentino"]
[Black "Goerke, Daniel"]
[Result "1-0"]
[WhiteElo "994"]
[BlackElo "869"]
[PlyCount "75"]
[EventDate "1997.05.24"]

1. e4 e5 2. Nf3 Nc6 3. d4 Bd6 4. Bc4 f6 5. dxe5 Bxe5 6. O-O Nge7 7. c3 d6 8. h3
Na5 9. Nxe5 fxe5 10. Nd2 b6 11. Qf3 Nxc4 12. Nxc4 Ba6 13. b3 c6 14. Rd1 d5 15.
exd5 Nxd5 16. Nxe5 Rf8 17. Qh5+ g6 18. Qxh7 Qf6 19. Qxg6+ Qxg6 20. Nxg6 Rf6 21.
Re1+ Kf7 22. Nh4 Nxc3 23. Bb2 Rf4 24. g3 Rg8 25. Bxc3 Rxh4 26. Kh2 Rhh8 27. Re5
Rh6 28. Rf5+ Ke6 29. Re5+ Kd7 30. Rd1+ Kc8 31. Rde1 Kc7 32. Re7+ Kd8 33. Rxa7
Bd3 34. Ra8+ Kc7 35. Rxg8 Bf5 36. g4 Bd3 37. Rg7+ Kc8 38. Re8# 1-0